000 00804nam a22002057a 4500
999 _c12453
_d12453
003 AR-CdUCM
008 190408b ||||| |||| 00| 0 spa d
040 _aMUNICIPALIDAD PROVINCIAL DEL CUSCO
_cBIBLIOTECA MUNICIPAL DEL CUSCO
082 _a348.702 /
_bM26
100 _aMartinez, G
_930307
245 _aManual y leyes del obrero :
_bTodas las leyes y reglamentos del obrero peruano en general /
260 _aLima :
_bMercurio.
300 _a267 páginas ;
_c19 cm.
505 _aContenido : Comentarios y disposiciones constitucionales sobre la protección y amparo al trabajador -- Legislación obrera -- Legislación social -- Accidentes de trabajo ...
650 _aNormas
_915859
650 _aLeyes
_94808
650 _aObrero
_930308
942 _2ddc
_cLIBROS
945 _arah
_d08/04/2019